书目信息 |
| 题名: |
功能材料及其在环境中的应用研究
|
|
| 作者: | 吴玉萍, 著 | |
| 分册: | ||
| 出版信息: | 北京 中国纺织出版社有限公司 2024.08 |
|
| 页数: | 110页 | |
| 开本: | 24cm | |
| 丛书名: | ||
| 单 册: | ||
| 中图分类: | TB34 | |
| 科图分类: | ||
| 主题词: | 功能材料--gong neng cai liao--研究 | |
| 电子资源: | ||
| ISBN: | 978-7-5229-2057-3 | |
| 000 | 01382nam0 2200265 450 | |
| 001 | 97552 | |
| 005 | 20250919172256.50 | |
| 010 | @a978-7-5229-2057-3@dCNY88.00 | |
| 100 | @a20241122d2024 em y0chiy50 ea | |
| 101 | 0 | @achi |
| 102 | @aCN@b110000 | |
| 105 | @aa a 000yy | |
| 106 | @ar | |
| 106 | @ar | |
| 200 | 1 | @a功能材料及其在环境中的应用研究@Agong neng cai liao ji qi zai huan jing zhong de ying yong yan jiu@f吴玉萍著 |
| 210 | @a北京@c中国纺织出版社有限公司@d2024.08 | |
| 215 | @a110页@c图@d24cm | |
| 314 | @a吴玉萍, 出生于1984年10月, 贯为福建省邵武市, 毕业于厦门大学材料学专业, 博士学历, 现任职于福建理工大学, 讲师职称, 主要研究方向为功能材料。 | |
| 320 | @a有书目 (第107-110页) | |
| 330 | @a功能材料是一类具有特殊性能和功能的材料, 其设计和制备旨在满足特定的应用需求。基于此, 本书首先探究材料与功能材料、功能材料在材料科学中的重要地位、功能材料的类别与发展 ; 其次围绕纳米材料、高分子材料、光催化材料及其在环境中的应用展开论述 ; 最后对功能材料在环境中的应用实例进行全面分析。既有学术深度又注重实际应用, 为读者提供了一个全面理解功能材料及其在环境中应用的综合指南。通过深入研究功能材料的特性和应用案例, 读者将能够更好地认识这一领域的前沿发展, 并为未来的环保科技做出积极贡献。 | |
| 606 | 0 | @a功能材料@Agong neng cai liao@x研究 |
| 690 | @aTB34@v5 | |
| 701 | 0 | @a吴玉萍,@Awu yu ping@f1984-@4著 |
| 801 | 0 | @aCN@c20250909 |
| 905 | @a河南城建学院图书馆@dTB34@eW910@f1 | |
| 功能材料及其在环境中的应用研究/吴玉萍著.-北京:中国纺织出版社有限公司,2024.08 |
| 110页:图;24cm |
| ISBN 978-7-5229-2057-3:CNY88.00 |
| 功能材料是一类具有特殊性能和功能的材料, 其设计和制备旨在满足特定的应用需求。基于此, 本书首先探究材料与功能材料、功能材料在材料科学中的重要地位、功能材料的类别与发展 ; 其次围绕纳米材料、高分子材料、光催化材料及其在环境中的应用展开论述 ; 最后对功能材料在环境中的应用实例进行全面分析。既有学术深度又注重实际应用, 为读者提供了一个全面理解功能材料及其在环境中应用的综合指南。通过深入研究功能材料的特性和应用案例, 读者将能够更好地认识这一领域的前沿发展, 并为未来的环保科技做出积极贡献。 |
| ● |
| 相关链接 |
|
|
|
正题名:功能材料及其在环境中的应用研究
索取号:TB34/W910
 
预约/预借
| 序号 | 登录号 | 条形码 | 馆藏地/架位号 | 状态 | 备注 |
| 1 | 1638598 | 216385980 | 自科库501/501自科库 13排4列4层/ [索取号:TB34/W910] | 在馆 |